Year book of sports medicine. (Record no. 4463)

000 -LEADER
fixed length control field 01005nas a2200313 a 4500
001 - CONTROL NUMBER
control field 011121953
003 - CONTROL NUMBER IDENTIFIER
control field ALUPE UNIVERSITY
005 - DATE AND TIME OF LATEST TRANSACTION
control field 20220630130744.0
008 - FIXED-LENGTH DATA ELEMENTS--GENERAL INFORMATION
fixed length control field 500101c19799999 u p 0 u0eng d
020 ## - INTERNATIONAL STANDARD BOOK NUMBER
International Standard Book Number 0815151578
022 ## - INTERNATIONAL STANDARD SERIAL NUMBER
International Standard Serial Number 0162-0908
040 ## - CATALOGING SOURCE
Transcribing agency ALUPE UNIVERSITY
050 ## - LIBRARY OF CONGRESS CALL NUMBER
Classification number RC1200
Item number .Y43 1983
092 ## - LOCALLY ASSIGNED DEWEY CALL NUMBER (OCLC)
Classification number D0502037178
092 ## - LOCALLY ASSIGNED DEWEY CALL NUMBER (OCLC)
Classification number 11121953
245 00 - TITLE STATEMENT
Title Year book of sports medicine.
Statement of responsibility, etc. Edited by James L. Anderson et al.
260 ## - PUBLICATION, DISTRIBUTION, ETC.
Place of publication, distribution, etc. Chicago :
Name of publisher, distributor, etc. Year Book Medical Publishers,
Date of publication, distribution, etc. c1983.
300 ## - PHYSICAL DESCRIPTION
Extent 394p. :
Other physical details ill.;
Dimensions 24 cm
504 ## - BIBLIOGRAPHY, ETC. NOTE
Bibliography, etc. note Includes index.
650 #0 - SUBJECT ADDED ENTRY--TOPICAL TERM
Topical term or geographic name entry element Sports medicine
General subdivision Abstracts
-- Periodicals
650 #0 - SUBJECT ADDED ENTRY--TOPICAL TERM
Topical term or geographic name entry element Sports
General subdivision Physiological aspects
-- Abstracts
-- Periodicals.
650 #0 - SUBJECT ADDED ENTRY--TOPICAL TERM
Topical term or geographic name entry element Sports medicine
General subdivision Abstracts
700 ## - ADDED ENTRY--PERSONAL NAME
Personal name Anderson, James Lee,
942 ## - ADDED ENTRY ELEMENTS (KOHA)
Source of classification or shelving scheme
Koha item type Book
Suppress in OPAC CM
Holdings
Withdrawn status Lost status Source of classification or shelving scheme Damaged status Not for loan Permanent Location Current Location Shelving location Date acquired Source of acquisition Total Checkouts Full call number Barcode Date last seen Copy number Price effective from Koha item type Public note
          AU LIBRARY AU LIBRARY Open Shelf 23.03.2022 DONATION FROM MOI UNIVERSITY   RC1200 .Y43 1983 C1 28006457 23.03.2022 1 23.03.2022 Book CM
          AU LIBRARY AU LIBRARY Open Shelf 28.03.2022 DONATION FROM MOI UNIVERSITY   RC1200 .Y43 1983 C2 28007147 28.03.2022 2 28.03.2022 Book CM
          AU LIBRARY AU LIBRARY Open Shelf 30.06.2022 DONATION FROM MOI UNIVERSITY   RC1200 .Y43 1983 C3 28008184 30.06.2022 3 30.06.2022 Book AB

Powered by Koha